[Event "66th ch-RUS HL"]
[Site "Yekaterinburg RUS"]
[Date "2013.06.21"]
[Round "2.10"]
[White "Alekseev, Evgeny"]
[Black "Gabrielian, Artur"]
[Result "1/2-1/2"]
[WhiteTitle "GM"]
[BlackTitle "GM"]
[WhiteElo "2714"]
[BlackElo "2545"]
[WhiteFideId "4138147"]
[BlackFideId "4131002"]
[EventDate "2013.06.20"]

1. e4 c5 2. Nf3 d6 3. d4 cxd4 4. Qxd4 Nc6 5. Bb5 Bd7 6. Qd3 Nf6 7. c4 Nb4 8. Qe2
Rc8 9. Nc3 e6 10. O-O a6 11. Bxd7+ Nxd7 12. Bf4 Be7 13. Rac1 Qa5 14. a3 Nc6 15.
Rfd1 Nde5 16. Nxe5 dxe5 17. Be3 Bf6 18. Qc2 Nd4 19. Bxd4 exd4 20. Ne2 e5 21. b4
Qc7 22. Qb3 O-O 23. Rc2 Rfd8 24. Nc1 Qc6 25. f3 Bg5 26. Nd3 Be3+ 27. Kh1 Qe6 28.
Rb1 Rc6 29. c5 Qe7 30. b5 axb5 31. Qxb5 Rd7 32. a4 Rdc7 33. a5 Rh6 34. g3 Rhc6
35. Qc4 h5 36. Qd5 h4 37. gxh4 Re6 38. h5 Qf6 39. Rf1 Qg5 40. Rg2 Qe7 41. Rb2
Rd7 42. Qa2 Rh6 43. Rb6 Rxh5 44. c6 bxc6 45. Rxc6 Ra7 46. a6 Qd7 47. Rb6 Rg5 48.
Ra1 Qc8 49. Rab1 Qc3 50. Nxe5 Rxe5 51. Rb7 Re7 52. Rxe7 Rxe7 53. a7 Rxa7 54.
Qxa7 Bf4 55. Qa8+ Kh7 56. Qa2 Qxf3+ 57. Qg2 Qh5 58. Rf1 Qh4 59. Qf2 Qxf2 60.
Rxf2 g5 61. Rf3 Kg6 62. Rd3 Be3 63. Kg2 g4 64. Rb3 Kg5 65. Rb7 Kf4 66. Rxf7+
Kxe4 67. Kg3 d3 68. Re7+ Kd4 69. Rd7+ Ke4 70. Rxd3 Kxd3 71. Kxg4 1/2-1/2

[Event "66th ch-RUS HL"]
[Site "Yekaterinburg RUS"]
[Date "2013.06.21"]
[Round "2.11"]
[White "Iskusnyh, Sergei"]
[Black "Riazantsev, Alexander"]
[Result "1/2-1/2"]
[WhiteTitle "GM"]
[BlackTitle "GM"]
[WhiteElo "2489"]
[BlackElo "2708"]
[WhiteFideId "4120027"]
[BlackFideId "4125029"]
[EventDate "2013.06.20"]

1. d4 Nf6 2. c4 e6 3. g3 d5 4. Nf3 dxc4 5. Bg2 Bb4+ 6. Bd2 a5 7. O-O O-O 8. Bg5
Nc6 9. e3 h6 10. Bxf6 Qxf6 11. a3 Bd6 12. Nfd2 e5 13. d5 Nb8 14. Nc3 b6 15. Nxc4
Ba6 16. Ne4 Qe7 17. Qc2 Nd7 18. Rfc1 f5 19. Ned2 Ra7 20. b4 Bxc4 21. Nxc4 e4 22.
bxa5 bxa5 23. Qc3 Rfa8 24. Rab1 a4 25. Bf1 Nc5 26. Nxd6 cxd6 27. Rb6 Rb7 28.
Rcb1 Rab8 29. Qa5 Rxb6 30. Rxb6 Rxb6 31. Qxb6 Qe5 32. Qc6 Nd3 33. h4 Kh7 34. h5
Nc5 35. Bh3 f4 36. Qc8 Qxh5 37. Bf5+ g6 38. Qc7+ Kg8 39. Be6+ Nxe6 40. dxe6 Qd1+
41. Kg2 Qf3+ 42. Kg1 Qd1+ 43. Kg2 Qf3+ 44. Kg1 Qd1+ 1/2-1/2

[Event "66th ch-RUS HL"]
[Site "Yekaterinburg RUS"]
[Date "2013.06.21"]
[Round "2.13"]
[White "Khairullin, Ildar"]
[Black "Vokarev, Sergey"]
[Result "1-0"]
[WhiteTitle "GM"]
[BlackTitle "GM"]
[WhiteElo "2658"]
[BlackElo "2472"]
[WhiteFideId "4151348"]
[BlackFideId "4119711"]
[EventDate "2013.06.20"]

1. d4 d5 2. c4 c6 3. Nc3 Nf6 4. Nf3 dxc4 5. a4 Bf5 6. e3 e6 7. Bxc4 Bb4 8. O-O
O-O 9. Nh4 Nbd7 10. h3 Bg6 11. Nxg6 hxg6 12. Qc2 Rc8 13. Rd1 Qe7 14. a5 c5 15.
Qb3 Rfd8 16. Ra4 b6 17. a6 cxd4 18. exd4 Bxc3 19. bxc3 Ne4 20. Bb2 Ndc5 21. dxc5
Qxc5 22. Rd4 Qf5 23. Rxe4 Qxe4 24. Bf1 Qe1 25. Ra1 Qd2 26. c4 b5 27. cxb5 Rc2
28. Be5 Qxf2+ 29. Kh1 Qc5 30. Re1 Rc1 31. Rxc1 Qxc1 32. Qc4 Qe3 33. Qe2 Qc1 34.
Qc4 Qb1 35. Kg1 Rd1 36. Bg3 Rc1 37. Qe2 Rc2 38. Qd3 Qb2 39. Bf4 Kh7 40. Be3 Rc7
41. Qd4 Qc2 42. Bd3 Qd1+ 43. Kh2 Qh5 44. Qd6 1-0

[Event "66th ch-RUS HL"]
[Site "Yekaterinburg RUS"]
[Date "2013.06.21"]
[Round "2.14"]
[White "Lysyj, Igor"]
[Black "Gordievsky, Dmitry"]
[Result "1/2-1/2"]
[WhiteTitle "GM"]
[BlackTitle "FM"]
[WhiteElo "2656"]
[BlackElo "2474"]
[WhiteFideId "4150120"]
[BlackFideId "24112798"]
[EventDate "2013.06.20"]

1. d4 Nf6 2. c4 c5 3. d5 b5 4. cxb5 a6 5. bxa6 g6 6. Nc3 Bxa6 7. e4 Bxf1 8. Kxf1
d6 9. Nf3 Nbd7 10. g3 Bg7 11. Kg2 O-O 12. a4 Ra6 13. Qc2 Qa8 14. Re1 Rb8 15. Bd2
c4 16. Nd1 Rc8 17. Bc3 e6 18. Ne3 exd5 19. Nxd5 Nxd5 20. Bxg7 Kxg7 21. exd5 Qxd5
22. Rad1 Qc6 23. Rd4 Ne5 24. Re3 Rxa4 25. Rxd6 Qxd6 26. Qxa4 Nxf3 27. Rxf3 Qd5
28. Qb4 Rd8 29. b3 cxb3 30. Qxb3 Qxb3 31. Rxb3 1/2-1/2

[Event "66th ch-RUS HL"]
[Site "Yekaterinburg RUS"]
[Date "2013.06.21"]
[Round "2.15"]
[White "Sjugirov, Sanan"]
[Black "Nozdrachev, Leonid"]
[Result "1-0"]
[WhiteTitle "GM"]
[BlackTitle "FM"]
[WhiteElo "2647"]
[BlackElo "2389"]
[WhiteFideId "4189302"]
[BlackFideId "24113433"]
[EventDate "2013.06.20"]

1. d4 Nf6 2. c4 g6 3. Nf3 Bg7 4. g3 O-O 5. Bg2 d6 6. Nc3 Nc6 7. O-O Bf5 8. d5
Na5 9. Nd4 Bd7 10. Qd3 c5 11. Nc2 a6 12. b3 Rb8 13. Rb1 Qc8 14. Bd2 b5 15. e4
Ng4 16. f4 bxc4 17. bxc4 Bd4+ 18. Nxd4 cxd4 19. Rxb8 Qxb8 20. Ne2 Qc7 21. Rc1
Rc8 22. Nxd4 Nxc4 23. h3 Nf6 24. Kh2 Qc5 25. Nc6 Bxc6 26. Rxc4 Qb5 27. a4 1-0

[Event "66th ch-RUS HL"]
[Site "Yekaterinburg RUS"]
[Date "2013.06.21"]
[Round "2.16"]
[White "Kokarev, Dmitry"]
[Black "Yuferev, Oleg"]
[Result "1-0"]
[WhiteTitle "GM"]
[BlackTitle "FM"]
[WhiteElo "2639"]
[BlackElo "2284"]
[WhiteFideId "4132181"]
[BlackFideId "4131720"]
[EventDate "2013.06.20"]

1. e4 e6 2. d4 d5 3. Nc3 Nf6 4. Bg5 dxe4 5. Nxe4 Nbd7 6. Nf3 h6 7. Nxf6+ Nxf6 8.
Be3 Nd5 9. Bd2 c5 10. c3 cxd4 11. Qa4+ Bd7 12. Qxd4 Qc7 13. Be2 Qc5 14. Qxc5
Bxc5 15. Ne5 Bd6 16. Nxd7 Kxd7 17. O-O-O Kc7 18. Kc2 Rad8 19. b4 Bf4 20. Be1 Ne7
21. g3 Rxd1 22. Bxd1 Be5 23. Bd2 Rc8 24. Re1 Kd6 25. Bf3 Nc6 26. Kb3 b6 27. Rd1
Kc7 28. Be3 Rd8 29. Rxd8 Nxd8 30. h4 f5 31. c4 Nf7 32. c5 g5 33. Bh5 Nd8 34.
hxg5 hxg5 35. cxb6+ axb6 36. Bxg5 Bd4 37. f3 Nc6 38. Bd2 Bf2 39. b5 Na5+ 40.
Bxa5 bxa5 41. g4 Be3 42. Ka4 Kb6 43. Bf7 fxg4 44. fxg4 e5 45. Bd5 Bg5 46. Bc6
Bd8 47. Kb3 Kc5 48. a4 Kd4 49. Bg2 e4 50. Bf1 e3 51. Be2 Bg5 52. b6 Bf4 53. b7
Kc5 54. g5 1-0

[Event "66th ch-RUS HL"]
[Site "Yekaterinburg RUS"]
[Date "2013.06.21"]
[Round "2.17"]
[White "Shomoev, Anton"]
[Black "Airapetian, Gor"]
[Result "1-0"]
[WhiteTitle "GM"]
[BlackTitle "IM"]
[WhiteElo "2565"]
[BlackElo "2448"]
[WhiteFideId "4135148"]
[BlackFideId "4177916"]
[EventDate "2013.06.20"]

1. e4 c6 2. d4 d5 3. Nc3 dxe4 4. Nxe4 Bf5 5. Ng3 Bg6 6. h4 h6 7. Nf3 Nd7 8. h5
Bh7 9. Bd3 Bxd3 10. Qxd3 e6 11. Bd2 Ngf6 12. O-O-O Be7 13. Kb1 O-O 14. Ne4 Nxe4
15. Qxe4 Nf6 16. Qe2 Qd5 17. Be3 a5 18. Ne5 a4 19. f3 Rad8 20. g4 Nd7 21. c4 Qa5
22. Nd3 a3 23. b3 c5 24. dxc5 Nxc5 25. b4 Na4 26. bxa5 Nc3+ 27. Kc2 Nxe2 28. Ne5
Bb4 29. Rxd8 Rxd8 30. a6 bxa6 31. Nc6 Rc8 32. Nxb4 Rxc4+ 33. Kd3 Rxb4 34. Kxe2
Rb2+ 35. Kd3 Rxa2 36. Bd2 Kh7 37. Rb1 g6 38. Rh1 Rb2 39. hxg6+ Kxg6 40. Rxh6+
Kg7 41. Rh5 Rb3+ 42. Bc3+ Kg6 43. Ra5 f5 44. gxf5+ exf5 45. f4 Kh5 46. Rxa6 Kg4
47. Kc2 1-0

[Event "66th ch-RUS HL"]
[Site "Yekaterinburg RUS"]
[Date "2013.06.21"]
[Round "2.18"]
[White "Dvoirys, Semen I."]
[Black "Ulanov, Alexandr"]
[Result "1/2-1/2"]
[WhiteTitle "GM"]
[BlackTitle "IM"]
[WhiteElo "2533"]
[BlackElo "2425"]
[WhiteFideId "4100379"]
[BlackFideId "24107646"]
[EventDate "2013.06.20"]

1. e4 e6 2. Qe2 Nc6 3. Nf3 e5 4. g3 d6 5. Bg2 Bg4 6. c3 g6 7. Na3 Bg7 8. Nc2
Nge7 9. Ne3 Be6 10. O-O h6 11. Rd1 O-O 12. d4 exd4 13. Nxd4 Nxd4 14. cxd4 d5 15.
Qb5 dxe4 16. Bxe4 Rb8 17. d5 Bd7 18. Qb3 Nc8 19. Nc4 Qe8 20. Bc2 Bg4 21. f3 Bh3
22. Be3 b6 23. Bf2 Qd7 24. Bd4 Ne7 25. Bxg7 Kxg7 26. d6 cxd6 27. Nxd6 Qc7 28.
Be4 Qc5+ 29. Kh1 Be6 30. Qa4 Rbd8 31. Rac1 Qe5 32. Qa3 Bd5 33. Bxd5 Nxd5 34. Nc4
Qf6 35. Rd3 a5 36. Rcd1 Nb4 37. Rd6 Rfe8 38. Rxf6 Rxd1+ 39. Kg2 Re2+ 40. Kh3
Kxf6 41. Qc3+ Ke7 42. Nxb6 Rdd2 43. Qc7+ Ke6 44. Qc8+ Kf6 45. Qc3+ Kg5 46. f4+
Kf5 47. Qc8+ Ke4 48. Qc4+ Ke3 49. Qxf7 Kf3 50. Qb3+ Nd3 51. Qd5+ Re4 52. Qf7
Rxf4 53. Qb7+ Re4 54. Qf7+ Ke2 55. Nc4 Rc2 56. Nd6 Re5 57. Qxg6 h5 58. Nf5 Kf1
59. Nd4 Nf2+ 60. Kh4 Rcc5 61. Qa6+ Kg2 62. Ne6 Re4+ 63. Nf4+ Kg1 64. Qb6 Rce5
65. Qc6 Kxh2 66. Qc2 Kg1 67. Qc1+ Re1 68. Qc6 R1e4 69. Qc1+ Re1 70. Qc6 R1e4 71.
Qc1+ Re1 72. Qc6 R1e4 73. Qc1+ 1/2-1/2

[Event "66th ch-RUS HL"]
[Site "Yekaterinburg RUS"]
[Date "2013.06.21"]
[Round "2.19"]
[White "Artemiev, Vladislav"]
[Black "Ovod, Evgenija"]
[Result "1-0"]
[WhiteTitle "IM"]
[BlackTitle "IM"]
[WhiteElo "2524"]
[BlackElo "2387"]
[WhiteFideId "24101605"]
[BlackFideId "4131827"]
[EventDate "2013.06.20"]

1. e4 e5 2. Nf3 Nc6 3. Bb5 Nf6 4. d3 Bc5 5. c3 O-O 6. O-O d6 7. h3 Ne7 8. d4 Bb6
9. Re1 Ng6 10. Bd3 c6 11. Be3 Re8 12. Nbd2 Bd7 13. Qc2 Nh5 14. Bf1 Nhf4 15. Rad1
exd4 16. cxd4 d5 17. e5 f6 18. Nb3 fxe5 19. Nxe5 Nxe5 20. Bxf4 Ng6 21. Bg3 Bc7
22. Qc3 Bxg3 23. Qxg3 Bf5 24. Nc5 b6 25. Rxe8+ Qxe8 26. Na6 Qe7 27. Rc1 Rc8 28.
a3 c5 29. dxc5 bxc5 30. Rd1 Be6 31. Re1 Qf6 32. Qd6 Bf7 33. Qd7 Rd8 34. Qxa7 c4
35. Qb7 d4 36. Nc5 d3 37. Ne4 Qd4 38. Nc3 Bd5 39. Qb5 Ne5 40. Nxd5 Qxd5 41. Rxe5
Qxb5 42. Rxb5 Re8 43. Bxd3 cxd3 44. Rd5 Re1+ 45. Kh2 Rd1 46. Kg3 Kf7 47. Kf3 Ke6
48. Rd8 Ke5 49. b4 g5 50. b5 h5 51. a4 g4+ 52. hxg4 hxg4+ 53. Kxg4 Ke4 54. b6
Rb1 55. a5 Rb4 56. a6 Rd4 57. f3+ Ke3+ 58. Rxd4 Kxd4 59. b7 d2 60. b8=Q d1=Q 61.
Qd6+ 1-0

[Event "66th ch-RUS HL"]
[Site "Yekaterinburg RUS"]
[Date "2013.06.21"]
[Round "2.21"]
[White "Khegay, Dmitriy"]
[Black "Levin, Evgeny A."]
[Result "0-1"]
[WhiteTitle "FM"]
[BlackTitle "GM"]
[WhiteElo "2349"]
[BlackElo "2512"]
[WhiteFideId "24153729"]
[BlackFideId "4182596"]
[EventDate "2013.06.20"]

1. e4 e6 2. d4 d5 3. Nc3 Nf6 4. Bg5 Be7 5. e5 Nfd7 6. Bxe7 Qxe7 7. f4 Nb6 8. Nf3
Nc6 9. Qd2 Bd7 10. O-O-O O-O-O 11. Bd3 Kb8 12. Kb1 a6 13. Rhg1 h6 14. g4 Nb4 15.
Be2 c5 16. a3 Nc6 17. dxc5 Qxc5 18. h4 Rc8 19. Nd4 Na5 20. Nb3 Nxb3 21. cxb3 Bc6
22. b4 Qf2 23. b5 axb5 24. Bxb5 Qxh4 25. Qd4 Qd8 26. Rc1 Nd7 27. Bxc6 Rxc6 28.
Na4 Qc7 29. Rxc6 Qxc6 30. Rc1 Qb5 31. Nc5 Rc8 32. a4 Qc6 33. Nb3 Qb6 34. Rxc8+
Kxc8 35. Qc3+ Kb8 36. a5 Qb5 37. Nd4 Qf1+ 38. Ka2 Qxf4 39. a6 Qf1 40. axb7 Qc4+
41. Qxc4 dxc4 42. Nc6+ Kc7 43. Na5 Nxe5 44. Ka3 f5 45. Kb4 fxg4 0-1

[Event "66th ch-RUS HL"]
[Site "Yekaterinburg RUS"]
[Date "2013.06.21"]
[Round "2.22"]
[White "Oparin, Grigoriy"]
[Black "Korniushin, Nikolay"]
[Result "1-0"]
[WhiteTitle "IM"]
[BlackTitle "IM"]
[WhiteElo "2497"]
[BlackElo "2373"]
[WhiteFideId "24125890"]
[BlackFideId "4123808"]
[EventDate "2013.06.20"]

1. e4 e6 2. d4 d5 3. Nc3 Bb4 4. e5 c5 5. a3 Bxc3+ 6. bxc3 Nc6 7. Nf3 Qa5 8. Bd2
c4 9. h4 f6 10. h5 fxe5 11. dxe5 Bd7 12. g3 O-O-O 13. Bh3 Rf8 14. O-O Nge7 15.
Qe2 Nf5 16. g4 Nfe7 17. Bg2 h6 18. Nh4 Be8 19. f4 g6 20. Bh3 gxh5 21. gxh5 Nf5
22. Nxf5 exf5 23. Kh2 Qc7 24. Be3 b6 25. Rg1 Qf7 26. Rg6 Qe7 27. Rg3 Qh4 28. Rg7
Bxh5 29. Qf2 Qxf2+ 30. Bxf2 Bg4 31. Bg2 Rd8 32. Re1 Rd7 33. Rxd7 Kxd7 34. Bxd5
Ne7 35. Bxc4 Rc8 36. Bb5+ Ke6 37. c4 Ng6 38. Be3 h5 39. c5 bxc5 40. Bc4+ Kd7 41.
Rb1 Bf3 42. Rg1 Bg4 43. Rb1 Bf3 44. Kg3 Be4 45. Rd1+ Ke7 46. Rd6 Rc6 47. Rxc6
Bxc6 48. Bxc5+ Kd8 49. Bf7 h4+ 50. Kh2 Nxf4 51. e6 Be8 52. Be3 Nd5 53. Bg5+ Ne7
54. Kh3 a6 55. Kxh4 1-0

[Event "66th ch-RUS HL"]
[Site "Yekaterinburg RUS"]
[Date "2013.06.21"]
[Round "2.23"]
[White "Kruchev, Boris"]
[Black "Predke, Alexandr"]
[Result "0-1"]
[WhiteTitle "FM"]
[WhiteElo "2272"]
[BlackElo "2492"]
[WhiteFideId "4179714"]
[BlackFideId "24107581"]
[EventDate "2013.06.20"]

1. e4 e5 2. Nf3 Nc6 3. Bb5 a6 4. Ba4 Nf6 5. d4 exd4 6. O-O Be7 7. Re1 b5 8. e5
Nxe5 9. Rxe5 d6 10. Re1 bxa4 11. Nxd4 Bd7 12. Qf3 d5 13. Nc3 c6 14. Nxa4 O-O 15.
Nf5 Bxf5 16. Qxf5 Ne4 17. Be3 Rb8 18. Rad1 Qa5 19. b3 Bb4 20. Re2 Rbe8 21. Bd4
Re6 22. Qg4 Rg6 23. Qf3 Bd6 24. Bb6 Qb4 25. Qe3 f5 26. c3 Qb5 27. f3 Ng5 28.
Rde1 Bf4 29. Qe7 Nxf3+ 30. Kf2 Nxe1 31. Kxe1 Bd6 32. Qd7 Qd3 33. Bd4 Bxh2 34.
Qe7 Bg3+ 35. Bf2 Qb1+ 36. Kd2 Bxf2 37. Rxf2 Qxa2+ 0-1

[Event "66th ch-RUS HL"]
[Site "Yekaterinburg RUS"]
[Date "2013.06.21"]
[Round "2.24"]
[White "Moiseenko, Vadim"]
[Black "Egorov, Dmitry"]
[Result "1-0"]
[WhiteTitle "IM"]
[BlackTitle "FM"]
[WhiteElo "2473"]
[BlackElo "2355"]
[WhiteFideId "4123700"]
[BlackFideId "4128303"]
[EventDate "2013.06.20"]

1. e4 c6 2. d4 d5 3. e5 c5 4. dxc5 e6 5. Nf3 Bxc5 6. Bd3 Ne7 7. O-O Nbc6 8. Nbd2
Ng6 9. Nb3 Bb6 10. Re1 Qc7 11. Qe2 Nb4 12. Bd2 Nxd3 13. cxd3 a5 14. Rac1 Qb8 15.
Be3 Bxe3 16. Qxe3 a4 17. Nbd4 Bd7 18. h4 h6 19. h5 Ne7 20. Qf4 f5 21. Qg3 O-O
22. Ne2 Nc6 23. Nf4 Qa7 24. Rc2 Qb6 25. Rec1 Ra5 26. Ng6 Re8 27. Qh4 Qa6 28. Rc3
Rb5 29. R1c2 Rb4 30. Rxc6 Qxc6 31. Rxc6 Rxh4 32. Rc7 Rb4 33. Rxd7 Rxb2 34. Nd4
Rb6 35. a3 Kh7 36. Kh2 1-0

[Event "66th ch-RUS HL"]
[Site "Yekaterinburg RUS"]
[Date "2013.06.21"]
[Round "2.25"]
[White "Sek, Konstantin"]
[Black "Shishigin, Dmitry"]
[Result "1-0"]
[WhiteElo "2463"]
[BlackElo "2230"]
[WhiteFideId "24104302"]
[BlackFideId "24104353"]
[EventDate "2013.06.20"]

1. e4 c5 2. Nf3 e6 3. d4 cxd4 4. Nxd4 a6 5. Bd3 g6 6. Nc3 Bg7 7. Be3 Ne7 8. f4
d5 9. e5 b5 10. Qg4 Nd7 11. h4 h5 12. Qf3 Nc5 13. O-O-O b4 14. Nce2 Bd7 15. Kb1
Bf8 16. g4 hxg4 17. Qxg4 Nf5 18. Bf2 Rh5 19. Nxf5 exf5 20. Qg2 Be6 21. Bxc5 Bxc5
22. Bc4 Ra7 23. Bxd5 Bxd5 24. Rxd5 Qa8 25. e6 Re7 26. Rxc5 1-0

[Event "66th ch-RUS HL"]
[Site "Yekaterinburg RUS"]
[Date "2013.06.22"]
[Round "3.3"]
[White "Inarkiev, Ernesto"]
[Black "Demchenko, Anton"]
[Result "1-0"]
[WhiteTitle "GM"]
[BlackTitle "GM"]
[WhiteElo "2680"]
[BlackElo "2639"]
[WhiteFideId "4162722"]
[BlackFideId "4160258"]
[EventDate "2013.06.20"]

1. e4 e6 2. d4 d5 3. Nc3 Bb4 4. e5 c5 5. a3 Bxc3+ 6. bxc3 Qa5 7. Bd2 Qa4 8. Nf3
b6 9. dxc5 bxc5 10. c4 Ba6 11. cxd5 Bxf1 12. Kxf1 exd5 13. h4 Ne7 14. h5 h6 15.
Rh4 Qc6 16. Qe2 Qe6 17. Ne1 Nd7 18. Nd3 O-O 19. Re1 Nf5 20. Rg4 Rae8 21. Nf4
Qxe5 22. Qd3 Qd4 23. Qxd4 Nxd4 24. Nxd5 Rxe1+ 25. Kxe1 Re8+ 26. Kd1 Re5 27. Nf4
Nf6 28. Rh4 Nf5 29. Rh3 c4 30. Rc3 Nd6 31. Re3 Rf5 32. Re7 a5 33. Ke2 Rb5 34.
Bc3 Nxh5 35. Nxh5 Rxh5 36. a4 Rd5 37. Ra7 Ne4 38. Bxa5 Re5 39. Ke3 Nf6+ 40. Kd4
Re2 41. c3 Rxf2 42. g3 g5 43. Bc7 h5 44. Ra5 Rd2+ 45. Kxc4 Ne4 46. Re5 Rd7 47.
Bb8 Rd8 48. Rxe4 Rxb8 49. a5 Kg7 50. a6 g4 51. Kd3 f5 52. Rb4 Ra8 53. Rb6 f4 54.
gxf4 h4 55. Ke3 Re8+ 56. Kf2 g3+ 57. Kf3 Re1 58. Rb2 Ra1 59. Kg4 Rxa6 60. Kxh4
Ra3 61. Rc2 Kf6 62. Kxg3 Kf5 63. Rc1 Ra4 64. Rb1 Ra3 65. Rb5+ Ke4 66. Re5+ Kd3
67. Kf3 Ra1 68. Rc5 Rf1+ 69. Kg4 Ke4 70. f5 Rg1+ 71. Kh5 1-0

[Event "66th ch-RUS HL"]
[Site "Yekaterinburg RUS"]
[Date "2013.06.22"]
[Round "3.7"]
[White "Shomoev, Anton"]
[Black "Sjugirov, Sanan"]
[Result "1-0"]
[WhiteTitle "GM"]
[BlackTitle "GM"]
[WhiteElo "2565"]
[BlackElo "2647"]
[WhiteFideId "4135148"]
[BlackFideId "4189302"]
[EventDate "2013.06.20"]

1. e4 c6 2. d4 d5 3. Nc3 dxe4 4. Nxe4 Nd7 5. Ng5 Ngf6 6. Bd3 e6 7. N1f3 Bd6 8.
Qe2 h6 9. Ne4 Nxe4 10. Qxe4 Qc7 11. O-O b6 12. Qg4 Kf8 13. b3 Bb7 14. Bb2 Nf6
15. Qh3 Nd5 16. g3 c5 17. c4 Nb4 18. Be2 cxd4 19. Nxd4 Bc5 20. Qg4 Rh7 21. Rad1
h5 22. Qh4 Be7 23. Qh3 Bc5 24. Bf3 Bxf3 25. Nxf3 Rd8 26. Qh4 Nd3 27. Qe4 Nxf2
28. Rxd8+ Qxd8 29. Qxh7 Nd1+ 30. Kh1 Nxb2 31. Qh8+ Ke7 32. Qxd8+ Kxd8 33. Ng5 1-0

[Event "66th ch-RUS HL"]
[Site "Yekaterinburg RUS"]
[Date "2013.06.22"]
[Round "3.8"]
[White "Artemiev, Vladislav"]
[Black "Vitiugov, Nikita"]
[Result "0-1"]
[WhiteTitle "IM"]
[BlackTitle "GM"]
[WhiteElo "2524"]
[BlackElo "2734"]
[WhiteFideId "24101605"]
[BlackFideId "4152956"]
[EventDate "2013.06.20"]

1. c4 e5 2. g3 Nf6 3. Bg2 d5 4. cxd5 Nxd5 5. Nc3 Nb6 6. d3 Be7 7. Be3 O-O 8. Rc1
Re8 9. Nf3 Nc6 10. O-O Bg4 11. Ne4 Nd4 12. Ned2 Nxf3+ 13. Nxf3 Bf8 14. h3 Bh5
15. Qb3 c6 16. Rfd1 Qd5 17. Rc3 Qa5 18. Rcc1 e4 19. dxe4 Rxe4 20. g4 Bg6 21. Bd2
Qa4 22. e3 Qxb3 23. axb3 Ree8 24. Nh4 Be4 25. Bxe4 Rxe4 26. Nf5 g6 27. Ng3 Re5
28. Be1 Rb5 29. Rd3 Bg7 30. Rc2 Re8 31. Bd2 Bf6 32. Bc1 Kf8 33. f3 Rd8 34. Rxd8+
Bxd8 35. Rc3 Nd5 36. Rd3 Rc5 37. Ne2 Bb6 38. Kf1 Ke8 39. Ke1 Nb4 40. Rc3 Ra5 41.
e4 Ra1 42. Kd2 g5 43. Rc4 a5 44. e5 Bc7 45. Re4 Na2 46. Kc2 Nb4+ 47. Kc3 Na2+
48. Kc2 Nxc1 49. Nxc1 Ke7 50. Nd3 Rh1 51. f4 Rh2+ 52. Kc3 Rxh3 53. fxg5 Bb6 54.
Kd2 Rg3 55. b4 axb4 56. Nxb4 Ba5 57. Kc2 Bb6 58. Kd2 Ke6 59. Nd3 Kd5 60. Ra4
Be3+ 61. Kc2 Rg2+ 62. Kb3 b5 63. Nb4+ Ke4 64. Ra6 c5 65. e6 c4+ 66. Ka2 Bc5 67.
Nc6 fxe6 68. Ra5 Kd5 69. Nd8 c3 70. Kb3 c2 0-1

[Event "66th ch-RUS HL"]
[Site "Yekaterinburg RUS"]
[Date "2013.06.22"]
[Round "3.9"]
[White "Nepomniachtchi, Ian"]
[Black "Oparin, Grigoriy"]
[Result "1/2-1/2"]
[WhiteTitle "GM"]
[BlackTitle "IM"]
[WhiteElo "2717"]
[BlackElo "2497"]
[WhiteFideId "4168119"]
[BlackFideId "24125890"]
[EventDate "2013.06.20"]

1. e4 c5 2. Nf3 d6 3. d4 cxd4 4. Qxd4 Nc6 5. Bb5 Bd7 6. Qd3 Nf6 7. c4 g6 8. Nc3
Bg7 9. h3 O-O 10. O-O a6 11. Bxc6 Bxc6 12. Nd4 Nd7 13. Be3 Rc8 14. Rac1 Nc5 15.
Qc2 Ne6 16. Nxe6 fxe6 17. Rfd1 Qa5 18. f3 Bxc3 19. Qxc3 Qxc3 20. Rxc3 Kf7 21. b3
e5 22. Bb6 Ke6 23. a4 h5 24. h4 Rg8 25. Be3 b5 26. axb5 axb5 27. c5 Rgd8 28.
Rdc1 d5 29. exd5+ Rxd5 30. Re1 Rcd8 31. Rcc1 Rd3 32. Ra1 Ra8 33. Rxa8 Bxa8 34.
b4 e4 35. fxe4 Bxe4 36. Bf2 Kf5 37. Rc1 Bc6 38. Ra1 Rb3 39. Ra6 Rb1+ 40. Kh2 1/2-1/2

[Event "66th ch-RUS HL"]
[Site "Yekaterinburg RUS"]
[Date "2013.06.22"]
[Round "3.10"]
[White "Levin, Evgeny A."]
[Black "Alekseev, Evgeny"]
[Result "0-1"]
[WhiteTitle "GM"]
[BlackTitle "GM"]
[WhiteElo "2512"]
[BlackElo "2714"]
[WhiteFideId "4182596"]
[BlackFideId "4138147"]
[EventDate "2013.06.20"]

1. d4 Nf6 2. c4 e6 3. Nc3 Bb4 4. Qc2 O-O 5. a3 Bxc3+ 6. Qxc3 b6 7. Bg5 Bb7 8. e3
d6 9. Ne2 Nbd7 10. Qd3 Re8 11. Nc3 Nf8 12. f3 Ng6 13. e4 h6 14. Be3 Qe7 15. Qd2
c5 16. d5 Ba6 17. Rd1 exd5 18. cxd5 Bxf1 19. Rxf1 Qe5 20. Kf2 Qxh2 21. Rh1 Qe5
22. Ne2 Nxe4+ 23. fxe4 Qxe4 24. Ng3 Qg4 25. Qe2 Ne5 26. Rhe1 Qg6 27. Qd2 c4 28.
Bf4 Nd3+ 29. Kg1 Nxe1 30. Rxe1 h5 31. Nf1 Rxe1 32. Qxe1 Qd3 33. Qg3 Qxd5 34. Ne3
Qe4 35. Bxd6 Re8 36. Bf4 Re6 37. Qg5 f6 38. Qf5 Qxf5 39. Nxf5 Re1+ 40. Kh2 0-1

[Event "66th ch-RUS HL"]
[Site "Yekaterinburg RUS"]
[Date "2013.06.22"]
[Round "3.11"]
[White "Riazantsev, Alexander"]
[Black "Moiseenko, Vadim"]
[Result "1-0"]
[WhiteTitle "GM"]
[BlackTitle "IM"]
[WhiteElo "2708"]
[BlackElo "2473"]
[WhiteFideId "4125029"]
[BlackFideId "4123700"]
[EventDate "2013.06.20"]

1. d4 d5 2. c4 dxc4 3. e3 e5 4. Bxc4 exd4 5. exd4 Nf6 6. Nf3 Bd6 7. O-O O-O 8.
Nc3 Nc6 9. Bg5 Bg4 10. h3 Bh5 11. Bd5 h6 12. Bh4 Rb8 13. Bxc6 bxc6 14. b3 Re8
15. Qd3 c5 16. Ne4 Rxe4 17. Bxf6 Qe8 18. dxc5 Bxc5 19. Bb2 Bb6 20. Nd2 Re6 21.
Qc3 f6 22. Nc4 Bc5 23. Ba3 Bxa3 24. Nxa3 Qe7 25. Nc2 Re8 26. Ne3 c6 27. Rac1 Qa3
28. Rc2 Bg6 29. Rd2 R8e7 30. Rfd1 Kh7 31. Kh2 Be4 32. Re1 Bg6 33. Rc1 Qa6 34.
Qc5 Qb7 35. Kg1 Be4 36. Rd4 Re5 37. Qd6 Qa6 38. Rd2 R5e6 39. Qb4 Qb6 40. Qc5 Qb8
41. Rcd1 f5 42. Nxf5 Re5 43. Qxe7 Rxe7 44. Nxe7 Qe5 45. Re2 Qf4 46. Rde1 Bd3 47.
Re3 Bb5 48. a4 Ba6 49. Nxc6 Bb7 50. Ne5 h5 51. Rd1 Qg5 52. Nf3 Qf5 53. Re5 Qg6
54. Ng5+ 1-0

[Event "66th ch-RUS HL"]
[Site "Yekaterinburg RUS"]
[Date "2013.06.22"]
[Round "3.12"]
[White "Gabrielian, Artur"]
[Black "Matlakov, Maxim"]
[Result "0-1"]
[WhiteTitle "GM"]
[BlackTitle "GM"]
[WhiteElo "2545"]
[BlackElo "2665"]
[WhiteFideId "4131002"]
[BlackFideId "4168003"]
[EventDate "2013.06.20"]

1. e4 c6 2. d4 d5 3. e5 Bf5 4. Nf3 e6 5. Be2 Ne7 6. Nbd2 c5 7. dxc5 Nec6 8. Nb3
Bg4 9. O-O Nd7 10. Nfd4 Bxe2 11. Qxe2 Nxd4 12. Nxd4 Bxc5 13. c3 Qh4 14. f4 f5
15. Be3 Qe7 16. h3 O-O 17. Kh2 Bxd4 18. cxd4 Rac8 19. Rac1 Nb8 20. Rc2 Rxc2 21.
Qxc2 Nc6 22. Rc1 Qb4 23. a3 Qb5 24. Qd2 Rc8 25. Rc5 Qa4 26. Qc3 Kf7 27. Bc1 Qd1
28. b4 a6 29. b5 axb5 30. Rxb5 b6 31. Rb1 Ne7 32. Qd2 Qf1 33. Qb2 Qd3 34. Qxb6
Rc2 35. Rb3 Qf1 0-1